000 00221nam a22000857a 4500
008 161017b xxu||||| |||| 00| 0 eng d
100 _9869
_aLewis.C.S.
245 _aThe Voyage Dawn Treader
260 _aUSA
_bHT Publications
_c1980
999 _c3522
_d3522